[Event "GER-ch U10"]
[Site "Willingen"]
[Date "2009.06.04"]
[Round "8"]
[White "Paulsen, Alexej"]
[Black "Litzka, Richard"]
[Result "1/2-1/2"]
[WhiteElo "1549"]
[BlackElo "1330"]
[PlyCount "39"]
[EventDate "2009.05.30"]
[EventType "swiss"]
[EventRounds "11"]
[EventCountry "GER"]
[SourceTitle "EXT 2010"]
[Source "ChessBase"]
[SourceDate "2010.11.25"]
[SourceVersion "1"]
[SourceVersionDate "2010.11.25"]
[SourceQuality "1"]

1. e4 c5 2. Nf3 e6 3. d4 cxd4 4. Nxd4 a6 5. Nc3 b5 6. Bd3 Bb7 7. 0-0 Nc6 8. Nxc6 Bxc6 9. a3 d6 10. Be3 Nf6 11. Re1 Be7 12. Bd4 e5 13. Be3 0-0 14. Qe2 Qc7 15. f4 exf4 16. Bxf4 Nd7 17. Rad1 Ne5 18. Qe3 Rfe8 19. Be2 Rad8 20. Bg3 1/2-1/2

[Event "GER-ch U10"]
[Site "Willingen"]
[Date "2009.05.30"]
[Round "1"]
[White "Reyher, Susan"]
[Black "Litzka, Richard"]
[Result "0-1"]
[WhiteElo "1004"]
[BlackElo "1330"]
[PlyCount "120"]
[EventDate "2009.05.30"]
[EventType "swiss"]
[EventRounds "11"]
[EventCountry "GER"]
[SourceTitle "EXT 2010"]
[Source "ChessBase"]
[SourceDate "2010.11.25"]
[SourceVersion "1"]
[SourceVersionDate "2010.11.25"]
[SourceQuality "1"]

1. e4 c5 2. Nf3 e6 3. d4 cxd4 4. Nxd4 a6 5. Nc3 b5 6. Bf4 Bb4 7. a3 Bxc3+ 8. bxc3 Qa5 9. Qd2 Nf6 10. Bd3 Bb7 11. Nb3 Qb6 12. Be3 Qc7 13. Nc5 d6 14. Nxb7 Qxb7 15. f3 0-0 16. 0-0 Nbd7 17. e5 Nxe5 18. Bg5 Nd5 19. Be4 Rac8 20. h4 Qc6 21. Bh6 f6 22. Bf4 Nc4 23. Qf2 Qc5 24. Bxd5 Qxd5 25. Qg3 Kh8 26. h5 e5 27. h6 Rg8 28. Rab1 Qc5+ 29. Kh1 exf4 30. Qxf4 Ne3 31. hxg7+ Rxg7 32. Qxf6 Nxf1 33. Rxf1 Qg5 34. Qxg5 Rxg5 35. f4 Rf8 36. Kg1 Rgf5 37. g3 Rc5 38. g4 Rc4 39. f5 Rxg4+ 40. Kh2 Rf6 41. Rf3 Rh6+ 42. Rh3 Rxh3+ 43. Kxh3 h5 44. f6 Kg8 45. c4 bxc4 46. c3 Kf7 47. a4 Kxf6 48. a5 Ke5 49. Kh2 Kd5 50. Kh3 Kc5 51. Kh2 Kb5 52. Kh1 Kxa5 53. Kh2 Ka4 54. Kh3 Kb3 55. Kh2 a5 56. Kh3 a4 57. Kh2 a3 58. Kh1 a2 59. Kh2 a1Q 60. Kh3 Qh1# 0-1